| 000 | 00639nam a22002177a 4500 | ||
|---|---|---|---|
| 005 | 20170124110107.0 | ||
| 010 | _a744648 | ||
| 020 | _c00.00 | ||
| 035 | _a744648 | ||
| 037 | _bCen Lib/Ret | ||
| 040 |
_aDPL _bEN |
||
| 082 |
_a921 _bKEL |
||
| 100 |
_aKelman, Steven _928385 |
||
| 245 |
_aPush comes to shove : _cby Steven Kelman _bthe escalation of student protest / |
||
| 260 |
_aBoston _bHoughton Mifflin _c1970 |
||
| 270 | _a | ||
| 300 |
_a287p. _c21cm(Hb) |
||
| 650 |
_aHarvard University -- Students _928386 |
||
| 650 |
_aStudents for a Democratic Society (U.S.) _928387 |
||
| 942 |
_2ddc _cEN _h921 _mKEL |
||
| 999 |
_c130137 _d130137 |
||